| 000 | 00441cam a2200169ua 4500 | ||
|---|---|---|---|
| 003 | OSt | ||
| 005 | 20260213113457.0 | ||
| 008 | 260213b |||||||| |||| 00| 0 eng d | ||
| 041 | _aeng | ||
| 082 |
_a338.927 _bNAT/AP |
||
| 245 | _aAppropriate technology from NRDC of India, Vol 1 / | ||
| 250 | _a2 / | ||
| 260 |
_aIndia : _bNational Research Development Corporation , _c1982. |
||
| 300 | _a140 ; . | ||
| 500 | _a**Reference | ||
| 942 | _cBK | ||
| 999 |
_c3802 _d3802 |
||